| Record ID | ia:architectureofci0000ross |
| Source | Internet Archive |
| Download MARC XML | https://archive.org/download/architectureofci0000ross/architectureofci0000ross_marc.xml |
| Download MARC binary | https://www.archive.org/download/architectureofci0000ross/architectureofci0000ross_meta.mrc |
LEADER: 03960cam 2200853 a 4500
001 ocm07977825
003 OCoLC
005 20221025083422.0
008 811106s1982 maua b 001 0 eng
010 $a 81019382
040 $aDLC$beng$cDLC$dMUQ$dNLGGC$dXTL$dYDXCP$dEDX$dLGG$dNIALS$dAU@$dBDX$dOCLCF$dIG#$dOCLCQ$dOCLCA$dOCLCQ$dIAH$dOCLCQ$dNLC$dCSJ$dDHA$dOCLCQ$dCSA$dOCLCQ$dTYC$dOCLCQ$dCNO$dOCLCA$dCEF$dTKN$dCSO$dPAU$dFQG$dCPS$dSPP$dOCLCQ$dCPO$dNAM$dBUB$dSNN$dNJR$dINT$dJDP$dOCLCQ$dCUY$dQE2$dIUL$dOL$$dBGU$dS4S$dJG0$dZ5U$dWYU$dDXU$dUWO$dLVT$dYOU$dNZ1$dDCHUA$dHUELT$dOCLCQ$dEZC$dOCLCQ$dLENOT$dW2U$dDKC$dCSE$dFDU$dM8D$dTJC$dOCLCQ$dOCLCO$dCDS$dOCLCQ$dUKBTH$dOCLCQ$dRIOSL$dVVB$dZNC$dZAQ$dOCLCO$dOCL
015 $aGB8235667$2bnb
016 $a(AMICUS)000002876286
019 $a224485423$a871322465$a890961546$a893204329$a900271460$a1164056971$a1165354122$a1201003594$a1201615681$a1201810124$a1201970725$a1201979077
020 $a9780262181013$q(hbk.)
020 $a0262181010$q(hbk.)
020 $a9780262680431$q(pbk.)
020 $a0262680432$q(pbk.)
035 $a(OCoLC)7977825$z(OCoLC)224485423$z(OCoLC)871322465$z(OCoLC)890961546$z(OCoLC)893204329$z(OCoLC)900271460$z(OCoLC)1164056971$z(OCoLC)1165354122$z(OCoLC)1201003594$z(OCoLC)1201615681$z(OCoLC)1201810124$z(OCoLC)1201970725$z(OCoLC)1201979077
041 1 $aeng$hita
050 00 $aNA9031$b.R6713 1982
055 1 $aNA9031.R6713
080 0 $a711.4
082 00 $a711/.4$219
084 $a21.73$2bcl
100 1 $aRossi, Aldo,$d1931-1997,$eauthor.
240 10 $aArchitettura della città.$lEnglish
245 14 $aThe architecture of the city /$cAldo Rossi ; introduction by Peter Eisenman ; translation by Diane Ghirardo and Joan Ockman ; revised for the American edition by Aldo Rossi and Peter Eisenman.
250 $a[American edition.]
264 1 $aCambridge, Mass. :$bMIT Press,$c1982.
264 4 $c©1982
300 $a201 pages, 1 unnumbered page :$billustrations ;$c26 cm
336 $atext$btxt$2rdacontent
337 $aunmediated$bn$2rdamedia
338 $avolume$bnc$2rdacarrier
490 1 $aOppositions books
500 $aTranslation of: L'architettura della città.
500 $a"Published for the Graham Foundation for Advanced Studies in the Fine Arts, Chicago, Illinois, and the Institute for Architecture and Urban Studies, New York, New York."
504 $aIncludes bibliographical references and index.
500 $aErrata slip inserted.
546 $aTranslation of: L'Architettura della città.
650 0 $aCity planning.
650 0 $aArchitecture.
650 0 $aCity planning$zItaly$xHistory.
650 0 $aArchitecture$zItaly.
650 0 $aArchitecture, Modern.
650 6 $aUrbanisme$zItalie$xHistoire.
650 6 $aArchitecture$zItalie.
650 6 $aArchitecture.
650 7 $aarchitecture (discipline)$2aat
650 7 $aArchitecture, Modern.$2fast$0(OCoLC)fst00813842
650 7 $aArchitecture.$2fast$0(OCoLC)fst00813346
650 7 $aCity planning.$2fast$0(OCoLC)fst00862177
651 7 $aItaly.$2fast$0(OCoLC)fst01204565
650 17 $aStedenbouw.$2gtt
650 17 $aTheorie.$2gtt
653 $aTown planning$aArchitectural design
655 7 $aHistory.$2fast$0(OCoLC)fst01411628
700 1 $aEisenman, Peter,$d1932-$ewriter of introduction.
710 2 $aGraham Foundation for Advanced Studies in the Fine Arts,$esponsoring body.
710 2 $aInstitute for Architecture and Urban Studies,$esponsoring body.
830 0 $aOppositions books.
938 $aBrodart$bBROD$n32607040$c$35.00
938 $aIngram$bINGR$n9780262181013
938 $aYBP Library Services$bYANK$n147813
029 1 $aAU@$b000002150910
029 1 $aAU@$b000023852842
029 1 $aAU@$b000026693059
029 1 $aAU@$b000053525988
029 1 $aNLC$b000002876286
029 1 $aNZ1$b118655
029 1 $aNZ1$b4961371
994 $aZ0$bGTX
948 $hNO HOLDINGS IN GTX - 554 OTHER HOLDINGS